Top 30 : Selena Gomez - Statistiques

Statistiques générales
  • Ce quiz a été pris 46 fois
  • Le résultat moyen est 13 sur 30
Statistiques - réponses
Top Titres Featuring % Correct
3 Taki Taki DJ Snake, Ozuna, Cardi B
90%
2 Calm Down Rema
85%
1 We Don't Talk Anymore Charlie Puth
85%
5 Wolves Marshmello
79%
12 Ice Cream BLACKPINK
72%
8 Good For You A$AP Rocky
62%
17 Come & Get It
59%
4 It Ain’t Me Kygo
59%
10 Same Old Love
59%
11 Fetish Gucci Mane
54%
6 Lose You To Love Me
54%
29 Ojos Tristes benny blanco, The Marías
49%
9 Hands To Myself
46%
22 Rare
44%
20 I Can’t Get Enough benny blanco, J Balvin, Tainy
41%
25 Slow Down
38%
7 Back To You
33%
14 Kill Em With Kindness
33%
19 I Want You To Know Zedd
31%
18 People You Know
31%
15 Bad Liar
28%
16 Baila Conmigo Rauw Alejandro
28%
13 The Heart Wants What It Wants
26%
21 Look At Her Now
23%
24 Single Soon
23%
28 Past Life Trevor Daniel
13%
26 Feel Me
10%
23 Let Somebody Go Coldplay
10%
30 My Mind & Me
10%
27 Trust Nobody Cashmere Cat, Tory Lanez
5%
Aucun quiz correspondant
Distribution des résultats
% des personnes avec chaque résultat
Percentile par nombre de réponses
Votre historique - résultats
Vous n’avez pas pris ce quiz